MDQL
is popping MORE tags! Check the
thread
!
Quizzes
Events
Quiz Creation
Community
Videos
Private Events
Remove Ads
Sign In
Join for FREE
Feedback
Dark Mode
Quiz Categories
Sports
Geography
Music
Movies
Television
Just For Fun
Miscellaneous
History
Literature
Language
Science
Gaming
Entertainment
Religion
Holiday
For Kids
Quiz Lab
Recent
Popular Today
Quiz Kudos Today
Editor Picks
Curator Picks
Quizzes by...
Day
Popularity
Type
Ratings
Length
Year
Community
Subscriptions
Recent Discussions
Orange Saloon
Badges
Playlists
Quests
Create
Leaderboards
Showdown
Live 5
Trivia Bingo
Activity
Puzzle Library
Sporcle Events
Private Events
Virtual Trivia
Globe League
Become a Host
Pub Owners
SporcleCon
Opinionation
Our Games
Videos
Blog
Mobile Apps
Partnerships
Remove Ads and Go Orange
Feedback
Sports
Athletes
MLB
NBA
NHL
NFL
Soccer
Sports Teams
WWE
NCAA
Football
Premier League
Basketball
Baseball
Hockey
Golf
Tennis
Cricket
Rugby
Auto Racing
Olympics
World Cup
Sports
Athletes
MLB
NBA
NHL
NFL
Soccer
Sports Teams
WWE
NCAA
Football
Premier League
Basketball
Baseball
Hockey
Golf
Tennis
Cricket
Rugby
Auto Racing
Olympics
World Cup
Random Quiz
Search Sporcle
×
Quiz Lab
Quiz Lab
Sports
WWE
Type in answers that appear in a list
Type in answers that appear in a list
Classic
Best Score? Go Orange.
Champions in the WWE (2010s) Stats
Can you name the Every championship holder in WWE of the 2010s?
By
nscox
8m
120 Questions
9,352 Plays
9,352 Plays
9,352 Plays
Comments
Comments
Give Quiz Kudos
Give Quiz Kudos
-
- Ratings
hide this ad
More Info
Replay
Link that replays current quiz
Next Quiz
Link to next quiz in quiz playlist
You Got
0%
They Got
Avg Score
69%
Avg Friend Score
Upgrade to see
Score Distribution
Jump to the score distribution portion of the page
Score
0/120
Timer
08:00
0
Plays Today
Championship
Champion
% Correct
WWE Championship
John Cena
98.9%
World/
WWE Tag Team Championship
John Cena
98.9%
World Heavyweight Championship
John Cena
98.8%
United States Championship
John Cena
98.6%
WWE Championship
Randy Orton
95.9%
World Heavyweight Championship
Randy Orton
95.2%
WWE Championship
The Miz
93.7%
United States Championship
The Miz
93.7%
World/
WWE Tag Team Championship
The Miz
93.7%
Intercontinental Championship
The Miz
93.4%
WWE Championship
Roman Reigns
92.5%
WWE Championship
Triple H
92.5%
United States Championship
Seth Rollins
92%
WWE Championship
CM Punk
91.8%
WWE Championship
Seth Rollins
91.3%
WWE Championship
Sheamus
91.2%
World/
WWE Tag Team Championship
Triple H
91.2%
United States Championship
Sheamus
91.2%
World Heavyweight Championship
Kane
91%
World Heavyweight Championship
Daniel Bryan
91%
World Heavyweight Championship
Sheamus
91%
World/
WWE Tag Team Championship
Daniel Bryan
90.9%
WWE Championship
Daniel Bryan
90.6%
World/
WWE Tag Team Championship
The Big Show
90.5%
World/
WWE Tag Team Championship
Kane
90.5%
United States Championship
Daniel Bryan
90.4%
World Heavyweight Championship
The Big Show
90.4%
Intercontinental Championship
The Big Show
90.3%
World Heavyweight Championship
Edge
89.9%
Intercontinental Championship
Dean Ambrose
89.6%
World/
WWE Tag Team Championship
Seth Rollins
89.2%
World/
WWE Tag Team Championship
Roman Reigns
88.9%
Intercontinental Championship
Daniel Bryan
88.9%
World Heavyweight Championship
Dolph Ziggler
88.4%
Intercontinental Championship
Dolph Ziggler
88.4%
World Heavyweight Championship
Alberto Del Rio
88.1%
United States Championship
Dean Ambrose
87.5%
ECW Championship
Christian
87.5%
United States Championship
Dolph Ziggler
87.4%
Intercontinental Championship
Kofi Kingston
87.4%
Championship
Champion
% Correct
World Heavyweight Championship
Christian
87.1%
World Heavyweight Championship
The Undertaker
86.9%
Intercontinental Championship
Christian
86.9%
World Heavyweight Championship
Chris Jericho
86.9%
United States Championship
Kofi Kingston
86.8%
World/
WWE Tag Team Championship
Kofi Kingston
86.5%
WWE Championship
Alberto Del Rio
86.5%
United States Championship
Alberto Del Rio
86.4%
World Heavyweight Championship
Rey Mysterio
86.2%
World/
WWE Tag Team Championship
Cody Rhodes
84.6%
WWE Championship
Rey Mysterio
84.5%
WWE Championship
Brock Lesnar
83.4%
Million Dollar Championship
Ted DiBiase
83.2%
WWE Championship
Batista
82.9%
Intercontinental Championship
Cody Rhodes
82.8%
Divas Championship
A.J. Lee
82.4%
World/
WWE Tag Team Championship
Goldust
82.1%
World Heavyweight Championship
Jack Swagger
81.7%
Intercontinental Championship
Wade Barrett
81.4%
World/
WWE Tag Team Championship
Big E
81.4%
United States Championship
Jack Swagger
81.4%
World/
WWE Tag Team Championship
Shawn Michaels
81%
Divas Championship
Charlotte
80.7%
Divas Championship
Nikki Bella
79.9%
World Heavyweight Championship
Mark Henry
79.4%
Divas Championship
Brie Bella
79.1%
Intercontinental Championship
Big E
77.1%
Divas Championship
Michelle McCool
76.4%
Womens Championship
Michelle McCool
76.4%
Divas Championship
Paige
75.7%
World/
WWE Tag Team Championship
Xavier Woods
74.7%
United States Championship
Antonio Cesaro
73.6%
WWE Championship
The Rock
73.5%
Womens Championship
Layla
73.5%
World/
WWE Tag Team Championship
Jimmy Uso
73.4%
World/
WWE Tag Team Championship
Jey Uso
73.4%
Womens Championship
Beth Phoenix
72.9%
ECW Championship
Ezekiel Jackson
72.7%
Divas Championship
Layla
72.4%
Intercontinental Championship
Ezekiel Jackson
71.7%
Championship
Champion
% Correct
Intercontinental Championship
Kevin Owens
71.5%
World/
WWE Tag Team Championship
Cesaro
70.9%
Divas Championship
Beth Phoenix
70.8%
World/
WWE Tag Team Championship
Heath Slater
69.4%
United States Championship
Rusev
69.2%
United States Championship
R-Truth
68.8%
World/
WWE Tag Team Championship
R-Truth
68.3%
Intercontinental Championship
Ryback
67.9%
Divas Championship
Natalya
67.5%
World/
WWE Tag Team Championship
David Otunga
65.6%
World/
WWE Tag Team Championship
Justin Gabriel
65.1%
Womens Championship
Mickie James
64.8%
World/
WWE Tag Team Championship
Drew McIntyre
62.6%
World/
WWE Tag Team Championship
Santino Marella
62.5%
Intercontinental Championship
Drew McIntyre
62.4%
United States Championship
Zack Ryder
61.8%
United States Championship
Santino Marella
61.7%
Intercontinental Championship
Zack Ryder
61.3%
Intercontinental Championship
Luke Harper
60.8%
Divas Championship
Kelly Kelly
60.7%
Intercontinental Championship
Curtis Axel
60.7%
Divas Championship
Eve Torres
60.3%
World/
WWE Tag Team Championship
Michael McGillicutty
59.8%
World/
WWE Tag Team Championship
Tyson Kidd
57.9%
World/
WWE Tag Team Championship
Evan Bourne
57.4%
Divas Championship
Alicia Fox
56.5%
Divas Championship
Melina
56%
Divas Championship
Kaitlyn
55%
United States Championship
Kalisto
54.3%
World/
WWE Tag Team Championship
Darren Young
51.8%
World/
WWE Tag Team Championship
Titus O'Neil
51.2%
World/
WWE Tag Team Championship
Billy Gunn
49.3%
United States Championship
Bret Hart
49.2%
World/
WWE Tag Team Championship
David Hart Smith
49.2%
Divas Championship
Maryse
48.7%
World/
WWE Tag Team Championship
Road Dogg
48%
World/
WWE Tag Team Championship
Primo
47.7%
World/
WWE Tag Team Championship
Vladimir Kozlov
47.6%
World/
WWE Tag Team Championship
Damien Mizdow
46.6%
World/
WWE Tag Team Championship
Epico
46.4%
Quiz Playlist
Details
Report
Send in Message
Add To Playlist
More Info:
January 1, 2010 to present (last updated April 5, 2016); # on left is reigns. Official reigns only. * = Current Champion (as of date of last update)
Classic:
Type in answers that appear in a list
Quiz Source
Last Updated: Jul 11, 2017
Quiz Scoreboard
CHALLENGE
Sign Up to Join the Scoreboard
Show All
Scores
Hide
Comments
May contain spoilers
Recently Published
5x2 Blitz: Bands
by SL_Kpop136
Music
30s
Colored Red Africa Blitz
by spor1
Geography
30s
Find the 'City' Movie
by crazypaving
Movies
60s
More to Explore
Quiz From the Vault
Featured Blog Post
14 Easter Pick-up Lines to Find Eggs With
hide this ad
You Might Also Like...
Tags
WWE Quiz
ECW
ECW Champions
Heavyweight Champions
World Championships
World Heavyweight
Wrestling
Wrestling Champions
WWF
WWF Champions
WWF Championship
Today's Top Quizzes in Sports
Browse Sports
hide this ad
Today's Top Quizzes in WWE
Browse WWE
Top Contributed Quizzes in Sports
1
Players with Multiple 50 Home Run Seasons
2
Criteria MLB: Left Handed Sluggers
3
MLB Players with Two .350 Batting Average Seasons
4
Who Hit More Homers?
5
Premier League Clubs since 2000 (minefield)
6
Who Needs Fielders?
7
2020 F1 Drivers Logic Puzzle
8
Les entraîneurs de l'OM et du PSG au 21e siècle
9
Top 10 NHL Goal Scorers of All Time
10
MLB Hall of Famer by Rings
Explore More
Trending Topics
Crossword
Harry Potter
Disney
Kpop
NBA
Anime
Marvel
Song
Country
Pokémon
NFL
The Office
Puzzle
Soccer
WWE
hide this ad
More By:
nscox
Quiz
Plays
Rating
Category
Featured
Created
2012 Summer Olympics Minefield
527,207
4.14
Sports
Jul 11, 2012
NHL Teams (Redux)
280,110
4.17
Sports
Mar 31, 2012
WWE 'Money in the Bank' Match Participants
246,816
4.23
Sports
Jun 27, 2011
Every WrestleMania Match 1-31!
240,031
4.57
Sports
Mar 4, 2012
Famous Wrestlers by Picture
236,472
4.21
Sports
Sep 13, 2012
Go to Creator's Profile
Score Distribution
Quiz Creator Spotlight
nscox
Follow
Send a Message
Quizzes Created
-
Created Quiz Play Count
-
More By This Creator
Popular Quizzes Today
1
Find the 'City' Movie
2
Colored Red Africa Blitz
3
Find the US States - No Outlines Minefield
4
5x2 Blitz: Bands
5
The Countries of the World
6
Find the US States
7
US States
8
9x9 Crossword: Cartoon Network
More Sports Quizzes
Most NCAA Wins Without a Championship
Published
Trending Quizzes
Colored Red Europe Blitz I
Colored Red Africa Blitz II
Colored Red Europe Blitz II
Colored Red Europe Blitz III
Colored Red Africa Blitz III
Recently Updated
Famous TV Couples
Peacemaker
Champions League XIs: Real Madrid
pecheneg
Largest US Cities 1790-2010
pecheneg
Rides in Walt Disney World
pecheneg
Most Oscar Losses (Acting)
pecheneg
Beyoncé Albums
pecheneg
Leaping Animals
pecheneg
Reality TV Shows (A-Z)
bhenderson79
Rickey Henderson's Hall of Fame Teammates
pecheneg
Champions League XIs: Arsenal
pecheneg
Trending Topics
Disney
Harry Potter
Anime
Crossword
NBA
Kpop
Marvel
Puzzle
Song
NFL
Country
Pokémon
Soccer
WWE
The Office
Your Account Isn't Verified!
In order to create a playlist on Sporcle, you need to verify the email address you used during registration. Go to your
Sporcle Settings
to finish the process.
Report this User
Report this user for behavior that violates our
Community Guidelines
.
Details:
Send Report
Go to the Sporcle.com Mobile Site →
Comments